| 000 | 01555nam a2200397 i 4500 | ||
|---|---|---|---|
| 001 | 30322 | ||
| 003 | Mx-PuUPA | ||
| 005 | 20260217151339.0 | ||
| 008 | 140415s2017 mx a gr 001 0 spa d | ||
| 020 |
_a9786077363927 _qFontamara |
||
| 020 |
_a9786075132693 _qUAQ |
||
| 040 |
_cMx-PuUPA _aMx-PuUPA _bspa _dMx-PuUPA _erda |
||
| 041 | 0 | _aspa | |
| 043 | _an-mx--- | ||
| 100 | 1 |
_aLara Gómez, Graciela, _eautor _917042 |
|
| 245 | 1 | 0 |
_aFinanzas populares en México / _cGraciela Lara Gómez, Felipe Abelardo Pérez Sosa, Jesús Hurtado Maldonado |
| 250 |
_aPrimera edición / _bmarzo |
||
| 264 | 1 |
_aCiudad de México : _bEditorial Fontamara ; _bUniversidad Autónoma de Querétaro, _c2017 |
|
| 300 |
_a359 páginas : _bilustraciones, gráficas, tablas (blanco y negro) ; _c21 cm |
||
| 336 |
_2rdacontent _atexto _btxt |
||
| 337 |
_2rdamedia _asin medio _bn |
||
| 338 |
_2rdacarrier _avolumen _bnc |
||
| 490 |
_aColección Argumentos _v379 |
||
| 650 | 7 |
_2armarc _aMicrofinanzas |
|
| 650 | 7 |
_2armarc _aMicrofinanzas _zMéxico |
|
| 650 | 7 |
_2armarc _aBancos cooperativos _zMéxico |
|
| 650 | 7 |
_2armarc _aInstituciones financieras _zMéxico |
|
| 650 | 7 |
_2armarc _aFinanzas _zMéxico _ySiglo XXI |
|
| 700 | 1 |
_aPérez Sosa, Felipe Abelardo, _eautor |
|
| 700 | 1 |
_aHurtado Maldonado, Jesús, _eautor |
|
| 942 |
_2ddc _cLI _h332.60972 _iL38 |
||
| 999 |
_c30322 _d30322 |
||